Statistics for New Zealand Rugby All Blacks - 100 or more games

Click here to take the quiz!

General Stats

  • This quiz has been taken 202 times
    (31 since last reset)
  • The average score is 13 of 20

Answer Stats

Years ActiveGamesPlayer% Correct
2003-2015112Dan Carter
96%
2001-2015149Richard McCaw
96%
2010-Present128Sam Whitelock
92%
2012-2021101Aaron Smith
88%
2003-2015104Ma'a Nonu
88%
1986-1997128Sean Fitzpatrick
88%
2012-2021100Beauden Barrett
80%
2002-2015133Keven Mealamu
76%
2008-2019128Kieran Read
72%
2003-2011102Mils Muliaina
72%
2009-2019108Owen Franks
68%
2002-2015118Tony Woodcock
64%
1957-1971133Colin Meads
56%
1987-1997100Zinzan Brooke
48%
1970-1978113Bryan Williams
44%
1989-1999105Ian Jones
44%
1981-1991101Gary Whetton
40%
1972-1985117Andy Haden
32%
1967-1977113Ian Kirkpatrick
24%
1972-1981102Bruce Robertson
12%

Score Distribution

Percentile by Number Answered

Percent of People with Each Score

Your Score History

You have not taken this quiz since the last reset